Subdivision capitals closest to Široki Brijeg (BA) - Statistics

General Stats
  • This quiz has been taken 12 times
  • The average score is 7 of 20
Answer Stats
Distance (km) Answer % Correct
3 86 Sarajevo
100%
1 19 Mostar
80%
4 93 Dubrovnik
60%
6 94 Split
60%
12 129 Nikšić
40%
15 143 Šibenik
40%
20 155 Tuzla
40%
7 94 Zenica
40%
19 155 Cetinje
20%
18 154 Danilovgrad
20%
9 116 Goražde
20%
11 129 Herceg Novi
20%
17 143 Kotor
20%
2 68 Livno
20%
16 143 Pljevlja
20%
8 105 Plužine
20%
14 139 Tivat
20%
5 94 Travnik
20%
10 126 Žabljak
20%
13 131 Šavnik
0%
No matching quizzes found
Score Distribution
Percent of People with Each Score
Percentile by Number Answered
Your Score History
You have not taken this quiz